00412 2200157 4500001002100000008004100021035002000062245003600082100001700118260003100135300002000166082001100186650003100197990001300228990001300241INLIS000000000000440 ind  a0010-0322000440 aKISAH PEJABAT YANG AMANAHcIKHA aTRI SAKHATMO aJAKARTAbINTI MEDINAc2011 a58 hlm.c25 cm. a297.77 aISLAMIC RELIGIUS EDUCATION a102633-1 a102633-2